[Event "Crema op 15th"]
[Site "Crema"]
[Date "2013.08.31"]
[Round "4"]
[White "Gobbo, Francesco"]
[Black "Borboni, Paolo"]
[Result "1-0"]
[WhiteElo "1967"]
[BlackElo "1729"]
[PlyCount "68"]
[EventDate "2013.08.30"]
[EventType "swiss"]
[EventRounds "6"]
[EventCountry "ITA"]
[SourceTitle "EXT 2015"]
[Source "ChessBase"]
[SourceDate "2014.11.20"]
[SourceVersion "1"]
[SourceVersionDate "2014.11.20"]
[SourceQuality "1"]

1. d4 d5 2. c4 e6 3. cxd5 exd5 4. Nc3 Nf6 5. Bg5 Be7 6. e3 c6 7. Bd3 0-0 8. Qc2 Nbd7 9. Nf3 Re8 10. 0-0 Nf8 11. h3 Ng6 12. Bxf6 Bxf6 13. b4 Bd7 14. Rab1 Qc8 15. Qd1 Bf5 16. b5 Bxd3 17. Qxd3 Re6 18. Rfc1 Qd7 19. a4 Rc8 20. Na2 Be7 21. Nb4 Bxb4 22. Rxb4 Rf6 23. Qd1 Qf5 24. bxc6 bxc6 25. Qc2 Qd7 26. Qd1 Qf5 27. Rcb1 Kf8 28. Qc1 Nh4 29. Qc5+ Kg8 30. Rb8 Nxf3+ 31. gxf3 Rg6+ 32. Kh2 Qd7 33. Rxc8+ Qxc8 34. Qxa7 Rd6 1-0

[Event "Crema op 15th"]
[Site "Crema"]
[Date "2013.08.30"]
[Round "1"]
[White "Tedoldi, Guido"]
[Black "Gobbo, Francesco"]
[Result "0-1"]
[WhiteElo "1597"]
[BlackElo "1967"]
[PlyCount "88"]
[EventDate "2013.08.30"]
[EventType "swiss"]
[EventRounds "6"]
[EventCountry "ITA"]
[SourceTitle "EXT 2015"]
[Source "ChessBase"]
[SourceDate "2014.11.20"]
[SourceVersion "1"]
[SourceVersionDate "2014.11.20"]
[SourceQuality "1"]

1. c4 Nf6 2. Nc3 e6 3. d4 d5 4. cxd5 exd5 5. Bg5 c6 6. Nf3 Be7 7. e3 0-0 8. Bd3 Nbd7 9. 0-0 h6 10. Bf4 Nh5 11. Re1 Nxf4 12. exf4 Nf6 13. Qc2 Bd6 14. Ne5 c5 15. Nb5 c4 16. Bf5 Bb4 17. Re2 a6 18. Nc3 Bd6 19. Rae1 Bxf5 20. Qxf5 Qc8 21. Qc2 b5 22. a3 b4 23. Nb1 a5 24. Qa4 Qc7 25. g3 Rab8 26. Nc6 Rb7 27. Nxa5 Ra7 28. axb4 Bxb4 29. Qxb4 Rxa5 30. Na3 Rb8 31. Qd2 Ne4 32. Qc2 c3 33. f3 Rxb2 34. Qc1 Rxe2 35. Rxe2 Nd2 36. Kf2 g6 37. Nc2 Nb3 38. Qe1 Ra7 39. Re3 Ra2 40. Re2 Kg7 41. Qd1 Qc4 42. Ke1 Nd2 43. Kf2 Qd3 44. Qc1 Rxc2 0-1

[Event "Milan SSM op 06"]
[Site "Milan"]
[Date "2013.06.09"]
[Round "6"]
[White "Gobbo, Francesco"]
[Black "Bonazzi, Edoardo"]
[Result "1-0"]
[WhiteElo "1949"]
[BlackElo "2073"]
[PlyCount "60"]
[EventDate "2013.06.06"]
[EventType "swiss"]
[EventRounds "6"]
[EventCountry "ITA"]
[SourceTitle "EXT 2015"]
[Source "ChessBase"]
[SourceDate "2014.11.20"]
[SourceVersion "1"]
[SourceVersionDate "2014.11.20"]
[SourceQuality "1"]

1. d4 Nf6 2. c4 c5 3. d5 b5 4. cxb5 a6 5. b6 e6 6. Nc3 Nxd5 7. Nxd5 exd5 8. Qxd5 Nc6 9. Nf3 Rb8 10. e4 Be7 11. Bc4 0-0 12. 0-0 Rxb6 13. Bd2 d6 14. Bc3 Be6 15. Qd3 Nb4 16. Qe2 Bxc4 17. Qxc4 d5 18. exd5 Qxd5 19. Ne5 Rd8 20. Qg4 Qe6 21. a3 Qxg4 22. Nxg4 Nc6 23. Rfe1 Rb7 24. Rad1 Rbd7 25. Rxd7 Rxd7 26. Kf1 Kf8 27. Ne5 Nxe5 28. Rxe5 Ke8 29. Ke2 Kd8 30. Rh5 Bf8 1-0

[Event "Milan SSM op 06"]
[Site "Milan"]
[Date "2013.06.08"]
[Round "4"]
[White "Gobbo, Francesco"]
[Black "Margstahler, Francesco"]
[Result "1-0"]
[WhiteElo "1949"]
[BlackElo "1791"]
[PlyCount "163"]
[EventDate "2013.06.06"]
[EventType "swiss"]
[EventRounds "6"]
[EventCountry "ITA"]
[SourceTitle "EXT 2015"]
[Source "ChessBase"]
[SourceDate "2014.11.20"]
[SourceVersion "1"]
[SourceVersionDate "2014.11.20"]
[SourceQuality "1"]

1. d4 d5 2. c4 dxc4 3. e4 e5 4. d5 Nf6 5. Bg5 Bc5 6. Qf3 0-0 7. Bxc4 c6 8. Nc3 b5 9. Bb3 Bb7 10. Nge2 Bb4 11. 0-0 Bxc3 12. Nxc3 b4 13. dxc6 Nxc6 14. Nd5 Nd4 15. Qe3 Nxb3 16. Bxf6 gxf6 17. axb3 Bxd5 18. Rad1 Qe7 19. Rxd5 Rfd8 20. Rfd1 Rxd5 21. Rxd5 Rd8 22. g3 Rd7 23. Qd3 Rc7 24. Kg2 Kg7 25. h4 h6 26. Qd1 Kh7 27. Rd8 Rb7 28. Qd5 Kg7 29. Qd2 Kh7 30. Qd1 Rc7 31. Qd5 Rb7 32. Rd6 Kg7 33. Qd3 Kh7 34. Qd2 Kg7 35. Kh3 Kh7 36. Kg4 Kg6 37. Qd3 Rc7 38. f4 h5+ 39. Kh3 Kg7 40. f5 Rb7 41. Qd1 Kh6 42. Rd8 Kg7 43. g4 Qc5 44. Rd3 hxg4+ 45. Qxg4+ Kf8 46. Qd1 Ke7 47. h5 Qf2 48. Qc1 Rd7 49. Rg3 Qe2 50. Qc5+ Rd6 51. Qxa7+ Rd7 52. Qc5+ Rd6 53. Qxb4 Qxh5+ 54. Kg2 Qe2+ 55. Kg1 Qxb2 56. Rc3 Qa1+ 57. Kf2 Qa7+ 58. Ke2 Qa2+ 59. Kf3 Qa7 60. Rd3 Qb6 61. Qxd6+ Qxd6 62. Rxd6 Kxd6 63. Ke3 Kc5 64. Kd3 Kb5 65. Kc3 Kc5 66. b4+ Kb5 67. Kb3 Kb6 68. Kc4 Kc6 69. b5+ Kb6 70. Kb4 Kb7 71. Kc5 Kc7 72. b6+ Kb7 73. Kb5 Kb8 74. Kc6 Kc8 75. Kd6 Kb7 76. Ke7 Kxb6 77. Kxf6 Kc6 78. Kxe5 Kd7 79. Kf6 Ke8 80. Kg7 Ke7 81. e5 Ke8 82. f6 1-0

[Event "Milan SSM op 06"]
[Site "Milan"]
[Date "2013.06.08"]
[Round "3"]
[White "Robertsen, Thomas"]
[Black "Gobbo, Francesco"]
[Result "1-0"]
[WhiteElo "2231"]
[BlackElo "1949"]
[PlyCount "47"]
[EventDate "2013.06.06"]
[EventType "swiss"]
[EventRounds "6"]
[EventCountry "ITA"]
[SourceTitle "EXT 2015"]
[Source "ChessBase"]
[SourceDate "2014.11.20"]
[SourceVersion "1"]
[SourceVersionDate "2014.11.20"]
[SourceQuality "1"]

1. e4 c6 2. d4 d5 3. e5 Bf5 4. Nc3 e6 5. g4 Bg6 6. Nge2 c5 7. h4 cxd4 8. Nxd4 h5 9. Bb5+ Nd7 10. f4 hxg4 11. f5 Rxh4 12. Rf1 Bxf5 13. Nxf5 exf5 14. Qxd5 a6 15. Rxf5 f6 16. Bg5 Ne7 17. exf6 gxf6 18. Qe6 Rh1+ 19. Kf2 axb5 20. Rxh1 Qb6+ 21. Qxb6 Nxb6 22. Rxf6 Nbd5 23. Nxd5 Nxd5 24. Rxf8+ 1-0

[Event "ITA-ch C"]
[Site "Civitanova Marche"]
[Date "2012.07.20"]
[Round "6"]
[White "Gobbo, Francesco"]
[Black "Gorgoglione, Enrico"]
[Result "0-1"]
[WhiteElo "1982"]
[BlackElo "1956"]
[PlyCount "80"]
[EventDate "2012.07.15"]
[EventType "swiss"]
[EventRounds "8"]
[EventCountry "ITA"]
[SourceTitle "EXT 2023"]
[Source "ChessBase"]
[SourceDate "2022.10.05"]
[SourceVersion "1"]
[SourceVersionDate "2022.10.05"]
[SourceQuality "1"]

1. d4 c5 2. d5 d6 3. Nf3 e5 4. c4 f5 5. g3 Nf6 6. Nc3 Be7 7. Bg2 0-0 8. 0-0 h6 9. Qc2 Nh7 10. e4 g5 11. exf5 Bxf5 12. Ne4 Nd7 13. Nfd2 Qe8 14. Qd1 Ndf6 15. f4 Qg6 16. Nxf6+ Bxf6 17. fxe5 Bxe5 18. Nf3 Bg7 19. Qb3 b6 20. Bd2 Bc2 21. Qb5 Qe8 22. Ne1 Bd4+ 23. Kh1 Rxf1+ 24. Bxf1 Be4+ 25. Bg2 Bxg2+ 26. Nxg2 Qxb5 27. cxb5 Bxb2 28. Re1 Be5 29. Ne3 Nf8 30. Nc4 Nd7 31. a4 a6 32. Nxe5 Nxe5 33. Bc3 axb5 34. axb5 Re8 35. Kg2 Kf7 36. Ra1 Nc4 37. Ra4 Ne3+ 38. Kf3 g4+ 39. Ke2 Nxd5+ 40. Kd2 Re2+ 0-1

[Event "ITA-ch C"]
[Site "Civitanova Marche"]
[Date "2012.07.19"]
[Round "5"]
[White "Rubini, Alessandro"]
[Black "Gobbo, Francesco"]
[Result "0-1"]
[WhiteElo "1917"]
[BlackElo "1982"]
[PlyCount "106"]
[EventDate "2012.07.15"]
[EventType "swiss"]
[EventRounds "8"]
[EventCountry "ITA"]
[SourceTitle "EXT 2023"]
[Source "ChessBase"]
[SourceDate "2022.10.05"]
[SourceVersion "1"]
[SourceVersionDate "2022.10.05"]
[SourceQuality "1"]

1. e4 c6 2. Nf3 d5 3. Nc3 Bg4 4. h3 Bxf3 5. Qxf3 e6 6. g3 Nf6 7. exd5 cxd5 8. Bg2 Nc6 9. b3 Be7 10. Bb2 0-0 11. 0-0 a6 12. a4 Rc8 13. Nd1 b5 14. Ne3 Qb6 15. axb5 axb5 16. Rfd1 Nd4 17. Bxd4 Qxd4 18. c3 Qb6 19. b4 Ne4 20. Qe2 Ra8 21. Nc2 Nxg3 22. Qd3 Nf5 23. Na3 Bh4 24. Qf3 g6 25. Bf1 Nd6 26. Bd3 Rab8 27. Rf1 Qd8 28. Qe2 Qg5+ 29. Kh1 Qf4 30. Nxb5 Nxb5 31. Bxb5 e5 32. Bc6 Rbd8 33. Qe3 Qf6 34. b5 Bg5 35. Qd3 e4 36. Qe2 Qe5 37. Kg2 Bf4 38. Ra2 Qg5+ 39. Kh1 f5 40. f3 Qh4 41. Qg2 Rf6 42. Ra8 Rxa8 43. Bxa8 Rd6 44. Rf2 e3 45. dxe3 Bxe3 46. Re2 d4 47. cxd4 Rxd4 48. Qf1 Bf4 49. Rc2 Qg3 50. Ra2 Be5 51. Bc6 Rh4 52. Rg2 Rxh3+ 53. Kg1 Bd4+ 0-1

[Event "Noale Szabados Memorial-B 5th"]
[Site "Noale"]
[Date "2012.02.05"]
[Round "4"]
[White "Gobbo, Francesco"]
[Black "Lorusso, Giuseppe"]
[Result "1/2-1/2"]
[WhiteElo "1927"]
[BlackElo "1981"]
[PlyCount "134"]
[EventDate "2012.02.03"]
[EventType "swiss"]
[EventRounds "5"]
[EventCountry "ITA"]
[SourceTitle "EXT 2022"]
[Source "ChessBase"]
[SourceDate "2021.10.06"]
[SourceVersion "1"]
[SourceVersionDate "2021.10.06"]
[SourceQuality "1"]

1. d4 f5 2. g3 Nf6 3. Bg2 e6 4. c4 Be7 5. Nf3 d6 6. b3 0-0 7. 0-0 Qe8 8. Nbd2 Qh5 9. Re1 Nc6 10. e4 fxe4 11. Nxe4 Nxe4 12. Rxe4 Bf6 13. Bb2 Bd7 14. Ne1 Qf7 15. f4 Rae8 16. Nf3 Ne7 17. Qe2 Nf5 18. Qd2 Bc6 19. Re2 Kh8 20. Rae1 Re7 21. Qd3 b6 22. Ng5 Bxg5 23. Bxc6 Bf6 24. Bg2 c5 25. dxc5 Bxb2 26. Rxb2 bxc5 27. Be4 Qf6 28. Rf2 g6 29. Bxf5 exf5 30. Rxe7 Qxe7 31. Re2 Qf6 32. Qe3 Rf7 33. Qe6 Kg7 34. Kf2 Qxe6 35. Rxe6 Rd7 36. Re8 Kf7 37. Rh8 Ke6 38. Ke3 Re7 39. Kd3 Kd7 40. a3 Kc6 41. b4 a6 42. Ra8 Kb7 43. Rh8 Kc6 44. Rc8+ Kb7 45. Rd8 Kc7 46. Rh8 Kc6 47. bxc5 dxc5 48. a4 Kb6 49. Rc8 Rc7 50. a5+ Kb7 51. Re8 Rf7 52. Kc3 Kc6 53. Rc8+ Rc7 54. Ra8 Kb7 55. Rf8 Kc6 56. Re8 Rd7 57. Re1 Rd6 58. h3 Kd7 59. Rb1 Kc7 60. Re1 Kd7 61. Re5 Re6 62. Rd5+ Kc6 63. Kd3 Rd6 64. Rxd6+ Kxd6 65. Ke3 Ke6 66. g4 h5 67. gxf5+ gxf5 1/2-1/2

[Event "Noale Szabados Memorial-B 5th"]
[Site "Noale"]
[Date "2012.02.03"]
[Round "1"]
[White "Rizzo, Nicodemo"]
[Black "Gobbo, Francesco"]
[Result "1/2-1/2"]
[WhiteElo "1666"]
[BlackElo "1927"]
[PlyCount "81"]
[EventDate "2012.02.03"]
[EventType "swiss"]
[EventRounds "5"]
[EventCountry "ITA"]
[SourceTitle "EXT 2022"]
[Source "ChessBase"]
[SourceDate "2021.10.06"]
[SourceVersion "1"]
[SourceVersionDate "2021.10.06"]
[SourceQuality "1"]

1. d4 d5 2. c4 c6 3. e3 Nf6 4. Nf3 e6 5. Nc3 Nbd7 6. Be2 dxc4 7. Bxc4 b5 8. Bd3 Bb7 9. a3 a5 10. Qe2 b4 11. Ne4 c5 12. Nxc5 Nxc5 13. dxc5 Bxc5 14. Bb5+ Ke7 15. 0-0 Qb6 16. Rd1 Rhd8 17. Bd2 Kf8 18. a4 Be7 19. Rac1 Ne4 20. Be1 Bf6 21. b3 Rac8 22. Rxd8+ Rxd8 23. Rd1 Nc3 24. Rxd8+ Qxd8 25. Qd3 Qc7 26. Qxh7 Nxb5 27. axb5 Bxf3 28. gxf3 Qc1 29. Kf1 Bc3 30. Qh8+ Ke7 31. b6 Qxe1+ 32. Kg2 Be5 33. b7 Qc3 34. b8Q Bxb8 35. Qxb8 Qxb3 36. Qc7+ Kf6 37. Qf4+ Kg6 38. Qg4+ Kh6 39. Qh4+ Kg6 40. Qg4+ Kh7 41. Qh4+ 1/2-1/2

[Event "Corsico op-B 41st"]
[Site "Corsico"]
[Date "2009.10.03"]
[Round "3"]
[White "Gobbo, Francesco"]
[Black "Corti, Filippo"]
[Result "1/2-1/2"]
[WhiteElo "1923"]
[BlackElo "1708"]
[PlyCount "92"]
[EventDate "2009.10.02"]
[EventType "swiss"]
[EventRounds "5"]
[EventCountry "ITA"]
[SourceTitle "EXT 2012"]
[Source "ChessBase"]
[SourceDate "2011.11.24"]
[SourceVersion "1"]
[SourceVersionDate "2011.11.24"]
[SourceQuality "1"]

1. d4 Nf6 2. c4 g6 3. Nc3 Bg7 4. e4 d6 5. Nf3 0-0 6. Be2 Nbd7 7. Be3 e5 8. d5 Ng4 9. Bg5 f6 10. Bh4 a5 11. 0-0 Nc5 12. Nd2 Nh6 13. f3 Qe8 14. b3 f5 15. a3 fxe4 16. fxe4 Bd7 17. Rxf8+ Qxf8 18. b4 axb4 19. axb4 Rxa1 20. Qxa1 Na6 21. Qb2 Bg4 22. Bf1 Qf4 23. Bg3 Qg5 24. Nb5 Bc8 25. Kh1 Ng4 26. Nf3 Qe3 27. Nc3 Qb6 28. h3 Nf6 29. b5 Nc5 30. Bf2 Qa7 31. Qc2 b6 32. Nd2 Bh6 33. Nb3 Nxb3 34. Qxb3 Qa1 35. Kg1 Nh5 36. Ne2 Nf4 37. Ng3 g5 38. Qf3 Bd7 39. Kh2 Be8 40. Be3 Bg7 41. Be2 Qc3 42. Bxf4 Qxf3 43. Bxf3 exf4 44. Nf5 Bd7 45. Ne7+ Kf7 46. Nc6 Bxc6 1/2-1/2

[Event "Corsico op-B 41st"]
[Site "Corsico"]
[Date "2009.10.02"]
[Round "1"]
[White "Gobbo, Francesco"]
[Black "Ragoso, Mario"]
[Result "1-0"]
[WhiteElo "1923"]
[BlackElo "1770"]
[PlyCount "76"]
[EventDate "2009.10.02"]
[EventType "swiss"]
[EventRounds "5"]
[EventCountry "ITA"]
[SourceTitle "EXT 2012"]
[Source "ChessBase"]
[SourceDate "2011.11.24"]
[SourceVersion "1"]
[SourceVersionDate "2011.11.24"]
[SourceQuality "1"]

1. d4 Nf6 2. c4 g6 3. Nc3 Bg7 4. e4 d6 5. Nf3 e5 6. d5 0-0 7. Be2 a5 8. Bg5 Na6 9. Nd2 h6 10. Be3 Nc5 11. 0-0 Kh8 12. b3 Bd7 13. a3 c6 14. f3 Nh5 15. b4 axb4 16. axb4 cxd5 17. Nxd5 Ne6 18. Rxa8 Qxa8 19. Nb6 Qd8 20. Re1 Nef4 21. Bf1 Be6 22. Nb3 Rg8 23. Na5 Qg5 24. Qd2 Qe7 25. Rd1 Bf8 26. Kh1 g5 27. g3 Ng6 28. Nd5 Bxd5 29. Qxd5 g4 30. fxg4 Nf6 31. Qxb7 Nxg4 32. Qxe7 Bxe7 33. Bg1 d5 34. exd5 Bxb4 35. Nc6 Rc8 36. Nxb4 Rg8 37. Nc6 Rc8 38. Nb4 Rd8 1-0

[Event "Chioggia op-A 03rd"]
[Site "Chioggia"]
[Date "2008.10.12"]
[Round "5"]
[White "Bagolin, Renzo"]
[Black "Gobbo, Francesco"]
[Result "1-0"]
[WhiteElo "1916"]
[BlackElo "1973"]
[PlyCount "75"]
[EventDate "2008.10.10"]
[EventType "swiss"]
[EventRounds "5"]
[EventCountry "ITA"]
[SourceTitle "EXT 2022"]
[Source "ChessBase"]
[SourceDate "2021.10.06"]
[SourceVersion "1"]
[SourceVersionDate "2021.10.06"]
[SourceQuality "1"]

1. c4 c5 2. Nc3 Nc6 3. Nf3 e5 4. d3 g6 5. e4 Bg7 6. Nd5 h6 7. Be3 d6 8. Be2 Nge7 9. Nd2 0-0 10. 0-0 Nd4 11. Bxd4 exd4 12. Bg4 Be6 13. Nf4 Bxg4 14. Qxg4 Nc6 15. Qe2 Kh7 16. g3 a6 17. Nd5 b5 18. b3 Re8 19. f4 f5 20. Qf3 Ne7 21. Nxe7 Rxe7 22. Rfe1 Raa7 23. Re2 fxe4 24. Rxe4 Rf7 25. Rae1 Qa5 26. R1e2 Qxa2 27. Re6 Qa1+ 28. Kg2 bxc4 29. bxc4 Rf6 30. Re8 Rff7 31. R8e6 Rf6 32. Rxf6 Bxf6 33. Ne4 Bg7 34. Nxd6 Qa4 35. Re6 Bf8 36. Qe4 Rg7 37. Ne8 Qd7 38. Nf6+ 1-0

[Event "Chioggia op-A 03rd"]
[Site "Chioggia"]
[Date "2008.10.11"]
[Round "3"]
[White "Polin, Giulia"]
[Black "Gobbo, Francesco"]
[Result "0-1"]
[WhiteElo "1676"]
[BlackElo "1973"]
[PlyCount "54"]
[EventDate "2008.10.10"]
[EventType "swiss"]
[EventRounds "5"]
[EventCountry "ITA"]
[SourceTitle "EXT 2022"]
[Source "ChessBase"]
[SourceDate "2021.10.06"]
[SourceVersion "1"]
[SourceVersionDate "2021.10.06"]
[SourceQuality "1"]

1. e4 c6 2. d4 d5 3. e5 c5 4. dxc5 e6 5. b4 a5 6. c3 b6 7. Bb5+ Bd7 8. Bxd7+ Nxd7 9. cxb6 axb4 10. b7 Rb8 11. Nf3 Rxb7 12. 0-0 Qb8 13. Re1 Bc5 14. a3 b3 15. Bb2 Ne7 16. Nbd2 Nc6 17. c4 d4 18. Ne4 0-0 19. Nxc5 Nxc5 20. Bxd4 Rd8 21. Re2 Nxd4 22. Nxd4 Rbd7 23. Rd2 Qxe5 24. Qf3 Rxd4 25. Rxd4 Qxd4 26. Rf1 b2 27. h3 g6 0-1

[Event "Treviso TWE op-B 30th"]
[Site "Treviso"]
[Date "2006.12.10"]
[Round "4.1"]
[White "Rigoni, Vinicio"]
[Black "Gobbo, Francesco"]
[Result "1-0"]
[WhiteElo "1802"]
[BlackElo "1826"]
[PlyCount "139"]
[EventDate "2006.12.08"]
[EventType "swiss"]
[EventRounds "5"]
[EventCountry "ITA"]
[SourceTitle "EXT 2024"]
[Source "ChessBase"]
[SourceDate "2023.10.10"]
[SourceVersion "1"]
[SourceVersionDate "2023.10.10"]
[SourceQuality "1"]

1. d4 Nf6 2. Nf3 e6 3. Bg5 Be7 4. Nbd2 d5 5. e3 Nbd7 6. Bd3 c5 7. c3 Qb6 8. b3 Qc6 9. Bf4 Bd6 10. Bxd6 Qxd6 11. Bb5 a6 12. Bxd7+ Bxd7 13. Ne5 0-0 14. 0-0 Rfc8 15. c4 b5 16. Nxd7 Nxd7 17. cxd5 Qxd5 18. dxc5 Rxc5 19. Nf3 Nf6 20. Qxd5 Nxd5 21. Rfc1 Rac8 22. Rxc5 Rxc5 23. Kf1 Kf8 24. Ne5 Ke7 25. Nd3 Rc2 26. Ke1 h5 27. Kd1 Nxe3+ 28. fxe3 Rxg2 29. a4 Rxh2 30. Rc1 g5 31. axb5 axb5 32. Rc5 g4 33. Rxb5 g3 34. Rg5 Kf6 35. Rxg3 h4 36. Rf3+ Ke7 37. Ke1 f5 38. Nf2 Rg2 39. Rh3 Rg1+ 40. Kd2 Rg2 41. Ke2 Rg1 42. Rxh4 Rb1 43. b4 Kd6 44. Rd4+ Kc6 45. Nd3 Rh1 46. Rd8 Rh4 47. Ne5+ Kc7 48. Rd4 Rh2+ 49. Kd3 Rb2 50. Rd7+ Kc8 51. Kc3 Re2 52. Kd3 Rb2 53. Rd4 Kc7 54. Kc3 Re2 55. Nc4 Re1 56. Rd2 Rg1 57. b5 Rb1 58. Rb2 Rd1 59. b6+ Kb8 60. Rd2 Re1 61. Na5 Rxe3+ 62. Kc4 Re4+ 63. Kb5 Re5+ 64. Ka6 Rd5 65. Rxd5 exd5 66. Nc6+ Kc8 67. Ne7+ Kb8 68. Nxf5 Ka8 69. Nd4 Kb8 70. b7 1-0